[Event "XLIV Memoriał Szachowy Ludwika Zamenhofa 2025, Grupa B"]
[Site "Bialystok, Poland"]
[Date "2025.12.27"]
[Round "2.3"]
[White "Kicinska, Anna"]
[Black "Leskiewicz, Ignacy"]
[Result "0-1"]
[TimeControl "90'+30\""]
[WhiteElo "1901"]
[BlackElo "2118"]

1. d4 {[%clk 01:30:58]} Nf6 {[%clk 01:24:25]} {[%emt 00:06:27]} 2. Nf3 {[%clk
01:31:20]} {[%emt 00:00:17]} e6 {[%clk 01:24:25]} {[%emt 00:00:29]} 3. Bg5
{[%clk 01:31:43]} {[%emt 00:00:07]} h6 {[%clk 01:23:26]} {[%emt 00:01:29]} 4.
Bh4 {[%clk 01:30:07]} {[%emt 00:02:06]} b6 {[%clk 01:23:33]} {[%emt 00:00:23]}
5. Nbd2 {[%clk 01:29:21]} {[%emt 00:01:17]} Bb7 {[%clk 01:23:25]} {[%emt
00:00:37]} 6. e3 {[%clk 01:29:09]} {[%emt 00:00:42]} c5 {[%clk 01:18:57]}
{[%emt 00:04:58]} 7. Bd3 {[%clk 01:26:05]} {[%emt 00:03:34]} cxd4 {[%clk
01:18:22]} {[%emt 00:01:05]} 8. exd4 {[%clk 01:26:28]} {[%emt 00:00:07]} Be7
{[%clk 01:16:34]} {[%emt 00:02:16]} 9. O-O {[%clk 01:26:13]} {[%emt 00:00:47]}
O-O {[%clk 01:16:41]} {[%emt 00:00:23]} 10. c3 {[%clk 01:24:43]} {[%emt
00:02:00]} d6 {[%clk 01:06:53]} {[%emt 00:10:18]} 11. Re1 {[%clk 01:17:52]}
{[%emt 00:07:21]} Nbd7 {[%clk 01:06:22]} {[%emt 00:01:01]} 12. Rc1 {[%clk
01:09:41]} {[%emt 00:08:41]} a6 {[%clk 01:02:48]} {[%emt 00:04:05]} 13. Ne4
{[%clk 00:57:31]} {[%emt 00:12:39]} Nxe4 {[%clk 00:50:01]} {[%emt 00:13:18]} 14.
Bxe4 {[%clk 00:57:01]} {[%emt 00:00:59]} Bxe4 {[%clk 00:49:46]} {[%emt
00:00:45]} 15. Rxe4 {[%clk 00:57:25]} {[%emt 00:00:06]} Bxh4 {[%clk 00:49:20]}
{[%emt 00:00:56]} 16. Rxh4 {[%clk 00:57:44]} {[%emt 00:00:10]} b5 {[%clk
00:45:10]} {[%emt 00:04:41]} 17. Rh3 {[%clk 00:54:45]} {[%emt 00:03:29]} a5
{[%clk 00:37:39]} {[%emt 00:08:01]} 18. Nd2 {[%clk 00:51:32]} {[%emt 00:03:42]}
d5 {[%clk 00:36:13]} {[%emt 00:01:57]} 19. Qg4 {[%clk 00:42:07]} {[%emt
00:09:54]} Qg5 {[%clk 00:34:34]} {[%emt 00:02:09]} 20. Qxg5 {[%clk 00:36:30]}
{[%emt 00:06:08]} hxg5 {[%clk 00:34:24]} {[%emt 00:00:40]} 21. Rg3 {[%clk
00:35:52]} {[%emt 00:01:09]} f6 {[%clk 00:34:15]} {[%emt 00:00:38]} 22. h3
{[%clk 00:30:33]} {[%emt 00:05:49]} Rfc8 {[%clk 00:29:50]} {[%emt 00:04:54]} 23.
Re1 {[%clk 00:21:13]} {[%emt 00:09:51]} Kf7 {[%clk 00:28:44]} {[%emt 00:01:36]}
24. Rge3 {[%clk 00:20:58]} {[%emt 00:00:44]} Rc6 {[%clk 00:27:55]} {[%emt
00:01:20]} 25. a3 {[%clk 00:16:33]} {[%emt 00:04:55]} Rb8 {[%clk 00:24:54]}
{[%emt 00:03:31]} 26. Nb3 {[%clk 00:14:04]} {[%emt 00:02:59]} Ra6 {[%clk
00:20:42]} {[%emt 00:04:42]} 27. Nc1 {[%clk 00:10:29]} {[%emt 00:04:05]} b4
{[%clk 00:16:37]} {[%emt 00:04:36]} 28. axb4 {[%clk 00:10:40]} {[%emt
00:00:19]} axb4 {[%clk 00:16:58]} {[%emt 00:00:08]} 29. Nd3 {[%clk 00:10:38]}
{[%emt 00:00:32]} bxc3 {[%clk 00:13:49]} {[%emt 00:03:39]} 30. bxc3 {[%clk
00:11:04]} {[%emt 00:00:04]} Rb3 {[%clk 00:11:11]} {[%emt 00:03:04]} 31. Nb4
{[%clk 00:11:03]} {[%emt 00:00:34]} Rd6 {[%clk 00:11:38]} {[%emt 00:00:04]} 32.
Ra1 {[%clk 00:08:45]} {[%emt 00:02:49]} Nb6 {[%clk 00:11:57]} {[%emt 00:00:11]}
33. Ra7+ {[%clk 00:07:52]} {[%emt 00:01:23]} Rd7 {[%clk 00:09:46]} {[%emt
00:02:40]} 34. Ra6 {[%clk 00:05:46]} {[%emt 00:02:36]} Nc4 {[%clk 00:09:56]}
{[%emt 00:00:20]} 35. Rd3 {[%clk 00:02:59]} {[%emt 00:03:17]} Rb1+ {[%clk
00:09:50]} {[%emt 00:00:35]} 36. Kh2 {[%clk 00:03:25]} {[%emt 00:00:04]} Rc1
{[%clk 00:09:45]} {[%emt 00:00:36]} 37. Ra2 {[%clk 00:01:57]} {[%emt 00:01:58]}
Rc7 {[%clk 00:08:58]} {[%emt 00:01:16]} 38. Rc2 {[%clk 00:00:43]} {[%emt
00:01:45]} Rxc2 {[%clk 00:08:26]} {[%emt 00:01:02]} 39. Nxc2 {[%clk 00:01:08]}
{[%emt 00:00:05]} Nb2 {[%clk 00:08:51]} {[%emt 00:00:05]} 40. Rf3 {[%clk
00:00:34]} {[%emt 00:01:04]} Nd1 {[%clk 00:08:53]} {[%emt 00:00:28]} 41. Ne3
{[%clk 00:00:32]} {[%emt 00:00:32]} Nxc3 {[%clk 00:09:10]} {[%emt 00:00:14]} 42.
Ng4 {[%clk 00:00:46]} {[%emt 00:00:16]} Nb5 {[%clk 00:09:00]} {[%emt 00:00:39]}
43. Rd3 {[%clk 00:00:36]} {[%emt 00:00:40]} Rc4 {[%clk 00:08:50]} {[%emt
00:00:40]} 44. Rb3 {[%clk 00:00:39]} {[%emt 00:00:27]} Nxd4 {[%clk 00:08:54]}
{[%emt 00:00:26]} 45. Rb7+ {[%clk 00:01:03]} {[%emt 00:00:05]} Kg6 {[%clk
00:09:18]} {[%emt 00:00:05]} 46. f3 {[%clk 00:00:31]} {[%emt 00:01:03]} Rc2
{[%clk 00:09:25]} {[%emt 00:00:22]} 47. Ne3 {[%clk 00:00:37]} {[%emt 00:00:25]}
Re2 {[%clk 00:09:46]} {[%emt 00:00:09]} 48. Rb4 {[%clk 00:00:31]} {[%emt
00:00:37]} Nxf3+ {[%clk 00:10:05]} {[%emt 00:00:11]} 49. Kg3 {[%clk 00:00:44]}
{[%emt 00:00:17]} Nh4 {[%clk 00:10:29]} {[%emt 00:00:06]} 0-1

[Event "XLIV Memoriał Szachowy Ludwika Zamenhofa 2025, Grupa B"]
[Site "Bialystok, Poland"]
[Date "2025.12.27"]
[Round "2.4"]
[White "Padalka, Artem"]
[Black "Bakalarz, Leszek"]
[Result "1/2-1/2"]
[TimeControl "90'+30\""]
[WhiteElo "2111"]
[BlackElo "1909"]

1. d4 {[%clk 01:24:41]} {[%emt 00:06:18]} Nf6 {[%clk 01:30:52]} {[%emt
00:00:08]} 2. Nf3 {[%clk 01:23:51]} {[%emt 00:01:14]} e6 {[%clk 01:31:16]}
{[%emt 00:00:12]} 3. Nbd2 {[%clk 01:22:29]} {[%emt 00:01:52]} c5 {[%clk
01:31:14]} {[%emt 00:00:33]} 4. e3 {[%clk 01:22:07]} {[%emt 00:00:52]} d5
{[%clk 01:30:53]} {[%emt 00:00:51]} 5. c3 {[%clk 01:17:47]} {[%emt 00:04:50]}
Bd6 {[%clk 01:30:48]} {[%emt 00:00:34]} 6. Bd3 {[%clk 01:17:27]} {[%emt
00:00:50]} Nc6 {[%clk 01:31:00]} {[%emt 00:00:19]} 7. O-O {[%clk 01:17:44]}
{[%emt 00:00:13]} O-O {[%clk 01:31:14]} {[%emt 00:00:15]} 8. dxc5 {[%clk
01:18:04]} {[%emt 00:00:10]} Bxc5 {[%clk 01:31:41]} {[%emt 00:00:04]} 9. e4
{[%clk 01:18:19]} {[%emt 00:00:15]} e5 {[%clk 01:05:50]} {[%emt 00:26:20]} 10.
exd5 {[%clk 01:18:10]} {[%emt 00:00:39]} Qxd5 {[%clk 01:06:04]} {[%emt
00:00:16]} 11. Qc2 {[%clk 01:16:25]} {[%emt 00:02:15]} h6 {[%clk 00:42:41]}
{[%emt 00:23:53]} 12. b4 {[%clk 01:09:10]} {[%emt 00:07:46]} Be7 {[%clk
00:31:47]} {[%emt 00:11:24]} 13. b5 {[%clk 01:02:28]} {[%emt 00:07:12]} Na5
{[%clk 00:29:28]} {[%emt 00:02:49]} 14. Re1 {[%clk 00:48:54]} {[%emt 00:14:04]}
Bd6 {[%clk 00:23:48]} {[%emt 00:06:10]} 15. c4 {[%clk 00:40:04]} {[%emt
00:09:20]} Qc5 {[%clk 00:21:46]} {[%emt 00:02:31]} 16. a4 {[%clk 00:30:51]}
{[%emt 00:09:43]} Qc7 {[%clk 00:21:59]} {[%emt 00:00:17]} 17. Bb2 {[%clk
00:27:56]} {[%emt 00:03:26]} Re8 {[%clk 00:21:23]} {[%emt 00:01:06]} 18. Qc3
{[%clk 00:27:35]} {[%emt 00:00:50]} Nd7 {[%clk 00:18:16]} {[%emt 00:03:37]} 19.
Ne4 {[%clk 00:24:56]} {[%emt 00:03:09]} Bf8 {[%clk 00:16:56]} {[%emt 00:01:51]}
20. Ng3 {[%clk 00:24:49]} {[%emt 00:00:36]} f6 {[%clk 00:16:47]} {[%emt
00:00:40]} 21. Bb1 {[%clk 00:18:06]} {[%emt 00:07:12]} Bc5 {[%clk 00:16:16]}
{[%emt 00:01:02]} 22. Ne4 {[%clk 00:14:51]} {[%emt 00:03:44]} b6 {[%clk
00:14:53]} {[%emt 00:01:54]} 23. Nxc5 {[%clk 00:14:56]} {[%emt 00:00:25]} Nxc5
{[%clk 00:15:02]} {[%emt 00:00:20]} 24. Qc2 {[%clk 00:06:32]} {[%emt 00:08:55]}
e4 {[%clk 00:13:59]} {[%emt 00:01:33]} 25. Nd2 {[%clk 00:05:55]} {[%emt
00:01:08]} Bb7 {[%clk 00:09:50]} {[%emt 00:04:38]} 26. Bd4 {[%clk 00:01:01]}
{[%emt 00:05:24]} Rad8 {[%clk 00:08:16]} {[%emt 00:02:04]} 27. Qc3 {[%clk
00:01:04]} {[%emt 00:00:27]} Rxd4 {[%clk 00:03:19]} {[%emt 00:05:27]} 28. Qxd4
{[%clk 00:01:32]} {[%emt 00:00:01]} Nab3 {[%clk 00:03:39]} {[%emt 00:00:10]} 29.
Nxb3 {[%clk 00:01:40]} {[%emt 00:00:23]} Nxb3 {[%clk 00:04:08]} {[%emt
00:00:01]} 30. Qc3 {[%clk 00:01:32]} {[%emt 00:00:37]} Nxa1 {[%clk 00:04:35]}
{[%emt 00:00:03]} 31. Qxa1 {[%clk 00:01:52]} {[%emt 00:00:10]} Qc5 {[%clk
00:03:09]} {[%emt 00:01:57]} 32. Qc3 {[%clk 00:02:09]} {[%emt 00:00:13]} f5
{[%clk 00:03:17]} {[%emt 00:00:21]} 33. a5 {[%clk 00:00:57]} {[%emt 00:01:44]}
bxa5 {[%clk 00:02:48]} {[%emt 00:00:59]} 34. Qxa5 {[%clk 00:01:17]} {[%emt
00:00:09]} Kh7 {[%clk 00:02:49]} {[%emt 00:00:29]} 35. Qd2 {[%clk 00:01:10]}
{[%emt 00:00:35]} Qxc4 {[%clk 00:01:51]} {[%emt 00:01:30]} 36. Qd7 {[%clk
00:01:38]} {[%emt 00:00:02]} Qc8 {[%clk 00:02:19]} {[%emt 00:00:02]} 37. Qd4
{[%clk 00:01:31]} {[%emt 00:00:37]} a6 {[%clk 00:01:33]} {[%emt 00:01:17]} 38.
b6 {[%clk 00:00:54]} {[%emt 00:01:07]} Qc6 {[%clk 00:01:40]} {[%emt 00:00:22]}
39. f3 {[%clk 00:00:43]} {[%emt 00:00:41]} exf3 {[%clk 00:01:49]} {[%emt
00:00:21]} 40. Bxf5+ {[%clk 00:00:56]} {[%emt 00:00:17]} Kh8 {[%clk 00:01:35]}
{[%emt 00:00:44]} 41. Rxe8+ {[%clk 00:01:09]} {[%emt 00:00:17]} Qxe8 {[%clk
00:02:02]} {[%emt 00:00:03]} 42. gxf3 {[%clk 00:00:53]} {[%emt 00:00:45]} Qe1+
{[%clk 00:02:09]} {[%emt 00:00:23]} 43. Kg2 {[%clk 00:01:22]} {[%emt 00:00:02]}
Qe2+ {[%clk 00:02:25]} {[%emt 00:00:14]} 44. Kg1 {[%clk 00:01:11]} {[%emt
00:00:41]} Qe1+ {[%clk 00:02:38]} {[%emt 00:00:16]} 45. Kg2 {[%clk 00:01:41]}
Qe2+ {[%clk 00:02:48]} {[%emt 00:00:20]} 46. Kg1 {[%clk 00:00:58]} {[%emt
00:01:14]} Qe1+ {[%clk 00:02:23]} {[%emt 00:00:16]} 1/2-1/2

[Event "XLIV Memoriał Szachowy Ludwika Zamenhofa 2025, Grupa B"]
[Site "Bialystok, Poland"]
[Date "2025.12.27"]
[Round "2.5"]
[White "Slabicki, Andrzej"]
[Black "Ciszewski, Krzysztof"]
[Result "1-0"]
[TimeControl "90'+30\""]
[WhiteElo "1892"]
[BlackElo "2091"]

1. e4 {[%clk 01:30:56]} {[%emt 00:00:02]} c5 {[%clk 01:30:44]} {[%emt
00:00:08]} 2. b3 {[%clk 01:30:39]} {[%emt 00:00:57]} d6 {[%clk 01:30:35]}
{[%emt 00:00:38]} 3. Bb2 {[%clk 01:30:53]} {[%emt 00:00:16]} Nc6 {[%clk
01:30:21]} {[%emt 00:00:44]} 4. c3 {[%clk 01:27:16]} {[%emt 00:04:07]} Nf6
{[%clk 01:29:59]} {[%emt 00:00:52]} 5. Bd3 {[%clk 01:27:09]} {[%emt 00:00:36]}
g6 {[%clk 01:29:23]} {[%emt 00:01:07]} 6. h3 {[%clk 01:26:25]} {[%emt
00:01:14]} Bg7 {[%clk 01:29:38]} {[%emt 00:00:15]} 7. Nf3 {[%clk 01:26:33]}
{[%emt 00:00:22]} O-O {[%clk 01:29:50]} {[%emt 00:00:19]} 8. O-O {[%clk
01:26:49]} {[%emt 00:00:13]} Bd7 {[%clk 01:28:54]} {[%emt 00:01:27]} 9. Bc2
{[%clk 01:25:07]} {[%emt 00:02:11]} Rc8 {[%clk 01:26:13]} {[%emt 00:03:11]} 10.
a3 {[%clk 01:24:37]} {[%emt 00:01:01]} Qc7 {[%clk 01:23:04]} {[%emt 00:03:39]}
11. c4 {[%clk 01:23:17]} {[%emt 00:01:49]} a6 {[%clk 01:20:56]} {[%emt
00:02:38]} 12. Nc3 {[%clk 01:21:26]} {[%emt 00:02:21]} Nd4 {[%clk 01:12:55]}
{[%emt 00:08:31]} 13. Nxd4 {[%clk 01:20:38]} {[%emt 00:01:18]} cxd4 {[%clk
01:13:20]} {[%emt 00:00:05]} 14. Ne2 {[%clk 01:19:09]} {[%emt 00:01:59]} e5
{[%clk 01:13:32]} {[%emt 00:00:19]} 15. d3 {[%clk 01:19:02]} {[%emt 00:00:37]}
d5 {[%clk 01:07:07]} {[%emt 00:06:55]} 16. f4 {[%clk 01:17:07]} {[%emt
00:02:23]} dxe4 {[%clk 01:05:16]} {[%emt 00:02:22]} 17. fxe5 {[%emt 00:04:25]}
Qxe5 {[%clk 01:01:47]} 18. Bxd4 {[%clk 01:16:35]} {[%emt 00:01:06]} Qg5 {[%clk
01:00:19]} {[%emt 00:01:58]} 19. Qc1 {[%clk 01:13:06]} {[%emt 00:03:57]} Qh4
{[%clk 00:46:14]} {[%emt 00:14:38]} 20. Rf4 {[%clk 01:10:14]} {[%emt 00:03:20]}
Qg5 {[%clk 00:45:23]} {[%emt 00:01:21]} 21. h4 {[%clk 01:10:13]} {[%emt
00:00:32]} Qh5 {[%clk 00:44:53]} {[%emt 00:01:01]} 22. Ng3 {[%clk 01:10:33]}
{[%emt 00:00:10]} Qa5 {[%clk 00:45:15]} {[%emt 00:00:08]} 23. b4 {[%clk
01:09:15]} {[%emt 00:01:47]} Qd8 {[%clk 00:45:06]} {[%emt 00:00:39]} 24. Nxe4
{[%clk 01:00:34]} {[%emt 00:09:12]} Nh5 {[%clk 00:35:48]} {[%emt 00:09:48]} 25.
Bxg7 {[%clk 00:59:31]} {[%emt 00:01:32]} Nxf4 {[%clk 00:35:35]} {[%emt
00:00:43]} 26. Qb2 {[%clk 00:56:45]} {[%emt 00:03:17]} Qxh4 {[%clk 00:29:36]}
{[%emt 00:06:28]} 27. Bxf8 {[%clk 00:51:13]} {[%emt 00:06:02]} Kxf8 {[%clk
00:28:33]} {[%emt 00:01:33]} 28. Qh8+ {[%clk 00:49:42]} {[%emt 00:02:00]} Ke7
{[%clk 00:28:56]} {[%emt 00:00:08]} 29. Qe5+ {[%clk 00:49:58]} {[%emt
00:00:13]} Kd8 {[%clk 00:23:58]} {[%emt 00:05:30]} 30. Nd6 {[%clk 00:48:56]}
{[%emt 00:01:32]} Be6 {[%clk 00:23:57]} {[%emt 00:00:31]} 31. Rf1 {[%clk
00:42:08]} {[%emt 00:07:16]} g5 {[%clk 00:23:23]} {[%emt 00:01:05]} 32. Nxb7+
{[%clk 00:40:24]} {[%emt 00:02:14]} Ke7 {[%clk 00:22:02]} {[%emt 00:01:52]} 33.
Nd6 {[%clk 00:40:11]} {[%emt 00:00:44]} Qg4 {[%clk 00:20:33]} {[%emt 00:01:57]}
34. Nxc8+ {[%clk 00:38:20]} {[%emt 00:02:21]} Kd8 {[%clk 00:20:56]} {[%emt
00:00:08]} 35. Qd6+ {[%clk 00:33:13]} {[%emt 00:05:35]} Kxc8 {[%clk 00:21:19]}
{[%emt 00:00:08]} 36. Qxa6+ {[%clk 00:33:39]} {[%emt 00:00:04]} Kb8 {[%clk
00:18:54]} {[%emt 00:02:55]} 37. Qb6+ {[%clk 00:33:51]} {[%emt 00:00:18]} Ka8
{[%clk 00:18:53]} {[%emt 00:00:32]} 38. Qc6+ {[%clk 00:34:13]} {[%emt
00:00:07]} Kb8 {[%clk 00:19:20]} {[%emt 00:00:04]} 39. Bd1 {[%clk 00:30:51]}
{[%emt 00:03:51]} Qg3 {[%clk 00:17:31]} {[%emt 00:02:18]} 40. Qf3 {[%clk
00:29:16]} {[%emt 00:02:05]} Qh4 {[%clk 00:17:42]} {[%emt 00:00:21]} 41. Qf2
{[%clk 00:28:28]} {[%emt 00:01:17]} Qh6 {[%clk 00:17:46]} {[%emt 00:00:27]} 42.
Bf3 {[%clk 00:27:26]} {[%emt 00:01:31]} Bf5 {[%clk 00:17:04]} {[%emt 00:01:12]}
43. Re1 {[%clk 00:27:04]} {[%emt 00:00:52]} Nxd3 {[%clk 00:16:41]} {[%emt
00:00:53]} 44. Re8+ {[%clk 00:27:27]} {[%emt 00:00:07]} Bc8 {[%clk 00:16:56]}
{[%emt 00:00:15]} 45. Qd4 {[%clk 00:27:00]} {[%emt 00:00:57]} 1-0

[Event "XLIV Memoriał Szachowy Ludwika Zamenhofa 2025, Grupa B"]
[Site "Bialystok, Poland"]
[Date "2025.12.27"]
[Round "2.6"]
[White "Kicinski, Jacek"]
[Black "Jarzebowski, Kacper"]
[Result "0-1"]
[TimeControl "90'+30\""]
[WhiteElo "1878"]
[BlackElo "2078"]

1. d4 {[%clk 01:30:57]} {[%emt 00:00:02]} c5 {[%clk 01:30:48]} {[%emt
00:00:12]} 2. c3 {[%clk 01:30:14]} {[%emt 00:01:14]} Nf6 {[%clk 01:31:09]}
{[%emt 00:00:09]} 3. Nf3 {[%clk 01:30:27]} {[%emt 00:00:17]} d5 {[%clk
01:31:32]} {[%emt 00:00:06]} 4. dxc5 {[%clk 01:29:51]} {[%emt 00:01:07]} e6
{[%clk 01:31:57]} {[%emt 00:00:05]} 5. b4 {[%clk 01:29:30]} {[%emt 00:00:50]}
a5 {[%clk 01:32:10]} {[%emt 00:00:18]} 6. Bf4 {[%clk 01:24:46]} {[%emt
00:05:13]} Nc6 {[%clk 01:17:43]} {[%emt 00:14:58]} 7. Nd4 {[%clk 01:20:43]}
{[%emt 00:04:32]} axb4 {[%clk 01:04:11]} {[%emt 00:14:03]} 8. Nxc6 {[%clk
01:18:10]} {[%emt 00:03:03]} bxc6 {[%clk 01:04:40]} {[%emt 00:00:01]} 9. cxb4
{[%clk 01:18:25]} {[%emt 00:00:16]} Ne4 {[%clk 00:59:39]} {[%emt 00:05:30]} 10.
Qd4 {[%clk 01:10:56]} {[%emt 00:07:59]} Be7 {[%clk 00:57:57]} {[%emt 00:02:12]}
11. e3 {[%clk 01:08:03]} {[%emt 00:03:23]} f6 {[%clk 00:56:24]} {[%emt
00:02:03]} 12. Qb2 {[%clk 00:59:58]} {[%emt 00:08:34]} e5 {[%clk 00:56:07]}
{[%emt 00:00:47]} 13. Bg3 {[%clk 01:00:06]} {[%emt 00:00:23]} Be6 {[%clk
00:54:40]} {[%emt 00:01:56]} 14. Bd3 {[%clk 00:58:54]} {[%emt 00:01:42]} Nxg3
{[%clk 00:53:07]} {[%emt 00:02:04]} 15. hxg3 {[%clk 00:59:15]} {[%emt
00:00:09]} e4 {[%clk 00:52:31]} {[%emt 00:01:06]} 16. Be2 {[%clk 00:55:29]}
{[%emt 00:04:15]} Qb8 {[%clk 00:48:59]} {[%emt 00:04:02]} 17. Qd2 {[%clk
00:41:13]} {[%emt 00:14:46]} f5 {[%clk 00:41:39]} {[%emt 00:07:51]} 18. a4
{[%clk 00:41:27]} {[%emt 00:00:15]} O-O {[%clk 00:40:38]} {[%emt 00:01:32]} 19.
a5 {[%clk 00:40:57]} {[%emt 00:01:00]} Bf6 {[%clk 00:39:32]} {[%emt 00:01:36]}
20. Ra4 {[%clk 00:39:35]} {[%emt 00:01:52]} Rd8 {[%clk 00:39:14]} {[%emt
00:00:47]} 21. Qc2 {[%clk 00:24:34]} {[%emt 00:15:31]} Bf7 {[%clk 00:22:43]}
{[%emt 00:17:02]} 22. Nd2 {[%clk 00:16:38]} {[%emt 00:08:25]} d4 {[%clk
00:18:38]} {[%emt 00:04:36]} 23. Bc4 {[%clk 00:16:09]} {[%emt 00:00:59]} dxe3
{[%clk 00:18:03]} {[%emt 00:01:06]} 24. Bxf7+ {[%clk 00:15:28]} {[%emt
00:01:09]} Kxf7 {[%clk 00:18:29]} {[%emt 00:00:04]} 25. Nc4 {[%clk 00:12:43]}
{[%emt 00:03:16]} exf2+ {[%clk 00:11:00]} {[%emt 00:07:59]} 26. Qxf2 {[%clk
00:08:43]} {[%emt 00:04:30]} Bc3+ {[%clk 00:11:15]} {[%emt 00:00:14]} 27. Ke2
{[%clk 00:09:04]} {[%emt 00:00:09]} Qb5 {[%clk 00:09:32]} {[%emt 00:02:14]} 28.
Qxf5+ {[%clk 00:09:16]} {[%emt 00:00:17]} Bf6 {[%emt 00:03:17]} 0-1

[Event "XLIV Memoriał Szachowy Ludwika Zamenhofa 2025, Grupa B"]
[Site "Bialystok, Poland"]
[Date "2025.12.27"]
[Round "2.7"]
[White "Budzisz, Adrian"]
[Black "Nowak, Roksana"]
[Result "1-0"]
[TimeControl "90'+30\""]
[WhiteElo "2065"]
[BlackElo "1900"]

1. b3 {[%clk 01:30:44]} {[%emt 00:00:16]} Nf6 {[%clk 01:30:33]} {[%emt
00:00:28]} 2. Bb2 {[%clk 01:30:55]} {[%emt 00:00:19]} e6 {[%clk 01:30:33]}
{[%emt 00:00:29]} 3. c4 {[%clk 01:30:37]} {[%emt 00:00:48]} d5 {[%clk
01:30:22]} {[%emt 00:00:42]} 4. Nf3 {[%clk 01:30:36]} {[%emt 00:00:31]} Be7
{[%clk 01:26:10]} {[%emt 00:04:42]} 5. e3 {[%clk 01:30:07]} {[%emt 00:00:59]}
c5 {[%clk 01:25:47]} {[%emt 00:00:53]} 6. cxd5 {[%clk 01:28:31]} {[%emt
00:02:05]} exd5 {[%clk 01:21:51]} {[%emt 00:04:26]} 7. Bb5+ {[%clk 01:28:33]}
{[%emt 00:00:28]} Bd7 {[%clk 01:19:08]} {[%emt 00:03:14]} 8. Bxd7+ {[%clk
01:28:30]} {[%emt 00:00:34]} Nbxd7 {[%clk 01:18:54]} {[%emt 00:00:43]} 9. d4
{[%clk 01:26:47]} {[%emt 00:02:13]} O-O {[%clk 01:13:31]} {[%emt 00:05:53]} 10.
dxc5 {[%clk 01:25:48]} {[%emt 00:01:28]} Bxc5 {[%clk 01:13:00]} {[%emt
00:01:01]} 11. O-O {[%clk 01:26:02]} {[%emt 00:00:16]} Re8 {[%clk 01:12:28]}
{[%emt 00:01:03]} 12. Nc3 {[%clk 01:25:26]} {[%emt 00:01:06]} Nb6 {[%clk
01:09:48]} {[%emt 00:03:09]} 13. Rc1 {[%clk 01:23:40]} {[%emt 00:02:16]} Rc8
{[%clk 01:09:51]} {[%emt 00:00:28]} 14. Nd4 {[%clk 01:14:57]} {[%emt 00:09:13]}
a6 {[%clk 01:04:52]} {[%emt 00:05:29]} 15. Qd3 {[%clk 01:12:02]} {[%emt
00:03:24]} Qd6 {[%clk 00:55:14]} {[%emt 00:10:08]} 16. Nf5 {[%clk 01:10:29]}
{[%emt 00:02:03]} Qe6 {[%clk 00:53:39]} {[%emt 00:02:05]} 17. Ne2 {[%clk
01:08:15]} {[%emt 00:02:43]} Bf8 {[%clk 00:41:22]} {[%emt 00:12:49]} 18. Nfg3
{[%clk 00:49:39]} {[%emt 00:19:06]} Bd6 {[%clk 00:33:00]} {[%emt 00:08:52]} 19.
Nd4 {[%clk 00:47:11]} {[%emt 00:02:57]} Qd7 {[%clk 00:32:38]} {[%emt 00:00:53]}
20. Ndf5 {[%clk 00:45:02]} {[%emt 00:02:39]} Be5 {[%clk 00:24:32]} {[%emt
00:08:36]} 21. Bxe5 {[%clk 00:43:22]} {[%emt 00:02:10]} Rxe5 {[%clk 00:23:29]}
{[%emt 00:01:33]} 22. Qd4 {[%clk 00:43:27]} {[%emt 00:00:25]} Re6 {[%clk
00:21:48]} {[%emt 00:02:11]} 23. a4 {[%clk 00:37:51]} {[%emt 00:06:05]} Rec6
{[%clk 00:12:58]} {[%emt 00:09:20]} 24. Rxc6 {[%clk 00:33:47]} {[%emt
00:04:35]} Rxc6 {[%clk 00:13:27]} {[%emt 00:00:02]} 25. Qb4 {[%clk 00:32:57]}
{[%emt 00:01:21]} Nc8 {[%clk 00:12:54]} {[%emt 00:01:00]} 26. Qh4 {[%clk
00:30:50]} {[%emt 00:02:38]} Ne8 {[%clk 00:11:17]} {[%emt 00:02:07]} 27. Nd4
{[%clk 00:29:57]} {[%emt 00:01:22]} Rc7 {[%clk 00:10:03]} {[%emt 00:01:45]} 28.
Rd1 {[%clk 00:29:25]} {[%emt 00:01:01]} Ne7 {[%clk 00:09:41]} {[%emt 00:00:53]}
29. Nf3 {[%clk 00:27:08]} {[%emt 00:02:47]} Nf6 {[%clk 00:08:45]} {[%emt
00:01:27]} 30. Qb4 {[%clk 00:24:39]} {[%emt 00:02:57]} Nc6 {[%clk 00:08:00]}
{[%emt 00:01:15]} 31. Qf4 {[%clk 00:24:49]} {[%emt 00:00:20]} h6 {[%clk
00:07:44]} {[%emt 00:00:47]} 32. Nf5 {[%clk 00:24:08]} {[%emt 00:01:11]} Ne7
{[%clk 00:07:06]} {[%emt 00:01:08]} 33. Nxh6+ {[%clk 00:24:28]} {[%emt
00:00:10]} Kf8 {[%clk 00:07:31]} {[%emt 00:00:05]} 34. Ne5 {[%clk 00:23:45]}
{[%emt 00:01:12]} Qc8 {[%clk 00:05:47]} {[%emt 00:02:14]} 35. h3 {[%clk
00:23:07]} {[%emt 00:01:08]} Neg8 {[%clk 00:04:51]} {[%emt 00:01:26]} 36. Nf5
{[%clk 00:21:53]} {[%emt 00:01:44]} a5 {[%clk 00:04:24]} {[%emt 00:00:57]} 37.
Ng4 {[%clk 00:19:07]} {[%emt 00:03:16]} Rc6 {[%clk 00:03:24]} {[%emt 00:01:30]}
38. Qg5 {[%clk 00:16:44]} {[%emt 00:02:52]} g6 {[%clk 00:02:05]} {[%emt
00:01:50]} 39. Nxf6 {[%clk 00:16:51]} {[%emt 00:00:24]} Rxf6 {[%clk 00:02:19]}
{[%emt 00:00:15]} 40. Nd4 {[%clk 00:15:45]} {[%emt 00:01:36]} Qd7 {[%clk
00:02:34]} {[%emt 00:00:16]} 41. Qh4 {[%clk 00:13:50]} {[%emt 00:02:25]} Qc7
{[%clk 00:02:21]} {[%emt 00:00:43]} 42. Nb5 {[%clk 00:13:39]} {[%emt 00:00:41]}
Qc2 {[%clk 00:02:03]} {[%emt 00:00:48]} 43. Rxd5 {[%clk 00:13:46]} {[%emt
00:00:23]} Qc1+ {[%clk 00:01:47]} {[%emt 00:00:46]} 44. Kh2 {[%clk 00:14:07]}
{[%emt 00:00:08]} Qb2 {[%clk 00:02:15]} {[%emt 00:00:02]} 45. Qh8 {[%clk
00:13:38]} {[%emt 00:00:57]} Rxf2 {[%clk 00:02:20]} {[%emt 00:00:28]} 46. Rd8+
{[%clk 00:14:04]} {[%emt 00:00:04]} Ke7 {[%clk 00:02:45]} {[%emt 00:00:04]} 47.
Qxb2 {[%clk 00:14:29]} {[%emt 00:00:05]} Rxb2 {[%clk 00:03:11]} {[%emt
00:00:05]} 48. Rxg8 {[%clk 00:14:53]} {[%emt 00:00:05]} 1-0